000 00995cam a2200133 4500500
005 20251214002642.0
041 _afre
042 _adc
100 1 0 _aNiklas-Salminen, Aïno
_eauthor
245 0 0 _aLa lexicologie
260 _bArmand Colin,
_c2023.
520 _aCe manuel se propose, dans un premier temps, de présenter les notions fondamentales utilisées en lexicologie. Il s'intéresse ensuite à l'analyse morphologique des unités lexicales en mettant en lumière la forme des différents types de mots qui caractérisent la langue française. Il analyse aussi les unités lexicales au niveau sémantique, ainsi que les relations qui existent entre le lexique et la syntaxe. L'étude morphologique et sémantique des mots est souvent menée dans une perspective synchronique, mais les unités lexicales peuvent également être examinées dans une perspective diachronique.
856 4 1 _uhttps://shs.cairn.info/la-lexicologie--9782200636555?lang=fr&redirect-ssocas=7080
999 _c1567282
_d1567282